LEADER 01144nam--2200361---450- 001 990003440330203316 005 20100913120120.0 010 $a978-1-847120-731-9 035 $a000344033 035 $aUSA01000344033 035 $a(ALEPH)000344033USA01 035 $a000344033 100 $a20100913d2010----km-y0itay50------ba 101 $aeng 102 $aGB 105 $a||||||||001yy 200 1 $aAntitrust law and economics$fedited by Keith N. Hylton 210 $aCheltenham,$aNorthampton$cEdward Elgar$d2010 215 $aXII, 298 p.$d23 cm 225 2 $aEnciclopedia of law and economics, second edition$v4 410 0$12001$aEnciclopedia of law and economics, second edition$v, 4 606 0 $aLibera concorrenza$yStati Uniti d'America$2BNCF 676 $a343.730721 702 1$aHYLTON,$bKeith N. 801 0$aIT$bsalbc$gISBD 912 $a990003440330203316 951 $aXXIV.3.N. 151$b68072 G.$cXXIV.3.N.$d00282137 959 $aBK 969 $aGIU 979 $aCHIARA$b90$c20100913$lUSA01$h1159 979 $aCHIARA$b90$c20100913$lUSA01$h1201 996 $aAntitrust law and economics$91110376 997 $aUNISA